Estadísticas para Prueba de Simón Bolívar

Haz click aquí para intentar la prueba.

Estadísticas generales

  • Esta prueba ha sido intentada 19 veces
  • La puntuación promedio es 4 de 13

Estadísticas de respuestas

PreguntaRespuesta% Correcto
¿En que país murió?Colombia
89%
¿En qué país nació?Venezuela
89%
¿Cuál es su apodo más conocido?El libertador
67%
¿Cuál fue el último país que liberó Simón Bolívar antes de retirarse de la vida política?Bolivia
39%
¿En qué ciudad se encuentra el mausoleo que alberga los restos de Simón Bolívar?Caracas
28%
¿De qué infección bacteriana murió?Tuberculosis
22%
Y, ¿Cuál fue la última batalla que libró?Ayacucho
17%
¿Qué famosa batalla lideró Simón Bolívar en la que logró la independencia de Venezuela?Carabobo
17%
¿Cuál fue el documento histórico redactado por Simón Bolívar que proponía la unión de los países latinoamericanos?Carta de Jamaica
17%
¿Cómo se llama el famoso discurso de Simón Bolívar en el Congreso del mismo nombre?Angostura
11%
¿Cuál fue la famosa marcha militar que Simón Bolívar lideró para liberar a Colombia del dominio español?Campaña admirable
11%
¿Cuál es el monumento más emblemático dedicado a Simón Bolívar en Venezuela?Panteón Nacional
0%
¿Qué título recibió Simón Bolívar en Perú por su contribución a la independencia de ese país?Sol de América
0%

Distribución de puntuación

Porcentaje por número respondido

Porcentaje de gente con cada puntuación

Historial de tus puntuaciones

No has intentado esta prueba.